000
00300nam a22001217a 4500
020
_a
0-201-04624-5
082
_a
005.3 MCC'G
100
_a
MCGRACKEN, D. D
_9
74881
245
_a
A GUIDE TO NOMAD FOR APPLICATION DEVELOPMENT
260
_a
LONDON
_b
ADDISON WESLEY
_c
1987
300
_a
211P
942
_c
BK
999
_c
580384
_d
580384